Random Oceania City to Country - Statistics

General Stats
  • This quiz has been taken 25 times
  • The average score is 7 of 8
Answer Stats
City Population Country % Correct
Sydney 5,360,000 Australia
100%
Adelaide 1,370,000 Australia
100%
Geelong 296,000 Australia
100%
South Tarawa 59,000 Kiribati
100%
Pailkir 6,700 Micronesia
100%
Yaren 12,000 Nauru
100%
Port Moresby 442,000 Papua New Guinea
100%
Lae 99,000 Papua New Guinea
100%
Apia 102,000 Samoa
100%
Nuku'alofa 74,000 Tonga
100%
Port Vila 74,000 Vanuatu
100%
Hamilton 235,000 New Zealand
67%
Hobart 238,000 Australia
50%
Suva 350,000 Fiji
50%
Honiara 216,000 Solomon Islands
50%
Funafuti 6,900 Tuvalu
50%
Papeete 207,000 France (Tahiti)
33%
Dunedin 120,000 New Zealand
33%
Koror 11,000 Palau
33%
Auckland 1,650,000 New Zealand
0%
No matching quizzes found
Score Distribution
Percent of People with Each Score
Percentile by Number Answered
Your Score History
You have not taken this quiz